Dimensions of Pakistan movement / (Record no. 331716)

000 -LEADER
fixed length control field 00919cam a2200265 a 4500
001 - CONTROL NUMBER
control field 3868795
003 - CONTROL NUMBER IDENTIFIER
control field NUST
005 - DATE AND TIME OF LATEST TRANSACTION
control field 20171018113922.0
008 - FIXED-LENGTH DATA ELEMENTS--GENERAL INFORMATION
fixed length control field 910313s1987 pk b 001 0 eng
010 ## - LIBRARY OF CONGRESS CONTROL NUMBER
LC control number 88931020
040 ## - CATALOGING SOURCE
Original cataloging agency DLC
Transcribing agency DLC
Modifying agency DLC
043 ## - GEOGRAPHIC AREA CODE
Geographic area code a-pk---
-- a-ii---
050 00 - LIBRARY OF CONGRESS CALL NUMBER
Classification number DS480.45
Item number .M837 1987
082 00 - DEWEY DECIMAL CLASSIFICATION NUMBER
Classification number 954.035
Author Mark MUN
100 1# - MAIN ENTRY--PERSONAL NAME
Personal name Munawwar, Muhammad,
Dates associated with a name 1923-2000.
9 (RLIN) 4
245 10 - TITLE STATEMENT
Title Dimensions of Pakistan movement /
Statement of responsibility, etc. Muhammad Munawwar.
250 ## - EDITION STATEMENT
Edition statement 1st ed.
260 ## - PUBLICATION, DISTRIBUTION, ETC.
Place of publication, distribution, etc. Lahore :
Name of publisher, distributor, etc. Institute of Islamic Culture,
Date of publication, distribution, etc. 1987.
300 ## - PHYSICAL DESCRIPTION
Extent 274 p. ;
Dimensions 22 cm.
504 ## - BIBLIOGRAPHY, ETC. NOTE
Bibliography, etc. note Includes bibliographical references (p. 265-274) and index.
650 #0 - SUBJECT ADDED ENTRY--TOPICAL TERM
Topical term or geographic name entry element Pakistan movement.
9 (RLIN) 203
651 #0 - SUBJECT ADDED ENTRY--GEOGRAPHIC NAME
Geographic name India
General subdivision Politics and government
Chronological subdivision 1919-1947.
9 (RLIN) 205
906 ## - LOCAL DATA ELEMENT F, LDF (RLIN)
a 7
b cbc
c orignew
d 3
e ncip
f 19
g y-gencatlg
942 ## - ADDED ENTRY ELEMENTS (KOHA)
Source of classification or shelving scheme
Koha item type Book
Holdings
Withdrawn status Lost status Source of classification or shelving scheme Damaged status Not for loan Permanent Location Current Location Shelving location Date acquired Full call number Barcode Date last seen Copy number Price effective from Koha item type
          Central Library (CL) Central Library (CL) Book Cart 10/18/2017 954.035 MUN CL509 10/18/2017 2 10/18/2017 Book
© 2023 Central Library, National University of Sciences and Technology. All Rights Reserved.